000 00670nam a22002297a 4500
003 DO-SdBNP
005 20180209104646.0
008 161108b 1990 cl a| 00| 0 spa d
020 _a9580412731
040 _aBPMSU
_bspa
_cBPMSU
082 4 _axxxxxxx
_bxxxxxxx
100 1 _aViza, Monserrat
245 1 3 _aEl anochecer /
_cMonserrat Viza ; ilustración Irene Bordoy
260 _aColombia :
_bNorma,
_c1990.
300 _a30 p. :
_bil.,
_c21 cm.
490 1 _aLas cuatro partes del día
700 1 _aBordoy, Irene,
_eil.
830 0 _aLas cuatro partes del día
942 _2ddc
_cBK
945 _aInventariado, 2018 / BT
956 _aBTAVÁREZ
_b10
_d20161108
_fBPMSU
_h0038
999 _c11834
_d11834